Statistics for Religion

Click here to take the quiz!

General Stats

  • This quiz has been taken 27 times
    (20 since last reset)
  • The average score is 23 of 30

Answer Stats

HintAnswer% Correct
Buddhism is based on the teachings of this figureBuddha
100%
In Christianity, this is performed by the ritual use of water to admit the recipient to the Christian communityBaptism
93%
Scripture of ChristianityBible
93%
The majority of Israel’s population follows this religionJudaism
93%
The ninth month of the Islamic calendarRamadan
93%
Most common religion in JapanShinto
93%
Oldest temple in CambodiaAngkor Wat
87%
Having no belief in deitiesAtheism
87%
Jesus was born in this cityBethlehem
87%
Largest religion in the worldChristianity
87%
Nazareth is in this countryIsrael
87%
Term in Buddhism that refers to action leading to future consequencesKarma
87%
Scripture of IslamQuran
87%
A symbol of IslamStar and Crescent
87%
A symbol of JudaismStar of David
87%
The components of the Trinity in ChristianityFather, Son, Holy Spirit
80%
Christian holiday that commemorates the crucifixion of JesusGood Friday
80%
Jewish holiday represented by menorahsHanukkah
80%
The four gospels in ChristianityMatthew, Mark, Luke, John
80%
Important freshwater lake in ChristianitySea of Galilee
80%
Second-largest religion in the worldIslam
73%
Second Neo-Babylonian emperorNebuchadnezzar II
73%
The first country to adopt Christianity as the official religionArmenia
67%
Hindu festival that tributes GaneshaGanesh Chaturthi
67%
Figure that lived the longest in the BibleMethuselah
60%
The doctrine of non-self in BuddhismAnattā
53%
Kitáb-i-Aqdas is the scripture of this religionBahá’í Faith
53%
A symbol of ShintoTorii
53%
Hindu festival that celebrates the eternal and divine love of Radha and KrishnaHoli
47%
Symbol intended to welcome LakshmiRangoli
40%

Score Distribution

Percentile by Number Answered

Percent of People with Each Score

Your Score History

You have not taken this quiz since the last reset